书目信息 |
| 书名: | Chinese stories from the fifties | |
| 作者: | [Qin Zhaoyang et al.] | |
| 分册号: | ||
| 分册名: | 出版地: | Beijing : |
|
| 出版社: | Chinese Literature | |
| 出版时间: | 1984. | |
| 页数: | 239 p. : | |
| 开本: | 18 cm. | |
| 丛书名: | Panda books | |
| 中图分类号: | ||
| 科图分类号: | ||
| 其他分类号: | H319.4 | |
| 主题词: | ||
| 电子资源: | ||
| 000 | 01516nam 2200325 a 4500 | |
| 001 | E0729349406 | |
| 005 | 20070301080924.95 | |
| 008 | 001@1eng | |
| 008 | uu | |
| 020 | @a083511077X (pbk.). | |
| 040 | @aNLC | |
| 041 | 1 | @aeng @hchi |
| 043 | @aa-cc--- | |
| 049 | @aN5LA | |
| 090 | @a2C-88/I247.8/C53////////////841678 | |
| 090 | @aH319.4 | |
| 096 | @aI247.8 @v2 | |
| 099 | @dH319.4@ex218 | |
| 245 | 00 | @aChinese stories from the fifties / @c[Qin Zhaoyang et al.] |
| 250 | @a1st ed. | |
| 260 | @aBeijing :@bChinese Literature,@c1984. | |
| 300 | @a239 p. :@bports. ;@c18 cm. | |
| 440 | 0 | @aPanda books |
| 500 | @aStories translated from the Chinese by various translators. | |
| 505 | 0 | @aThe election / Qin Zhaoyang -- My young friend / Du Pengcheng -- Around the spring festival / Wang Wenshi -- The family on the other side of the mountain / Zhou Libo -- Father and daughter / Luo Binji -- The girl who sold wine / Xu Huaizhong -- An ordinary labourer / Wang Yuanjian -- My first superior / Ma Feng -- Dajee and her father / Gao Ying -- The vegetable seeds / Hao Ran -- Long distance runner / Malqinhu -- Barley kernel gruel / Li Zhun. |
| 650 | 0 | @aShort stories, Chinese @vTranslations into English. |
| 651 | 0 | @aChina @xSocial life and customs @vFiction. |
| 700 | 1 | @aQin, Zhaoyang. |
| 740 | 0 | @aChinese stories from the 50s. @b00 @c20020930 @lNLC09 @h2246 @lNLC09 @h2302 @lNLC09 @h1854 @b40 @c20031208 @lNLC09 @h0648 |
| 852 | 9 | @bWWJC @cJ08S @k2C-88 @hI247.8 @iC53 |
| Chinese stories from the fifties / / [Qin Zhaoyang et al.].-1st ed.-Beijing : : Chinese Literature, , 1984. |
| 239 p. : : ports. ; ; 18 cm.- (Panda books ) |
| Stories translated from the Chinese by various translators.-The election / Qin Zhaoyang -- My young friend / Du Pengcheng -- Around the spring festival / Wang Wenshi -- The family on the other side of the mountain / Zhou Libo -- Father and daughter / Luo Binji -- The girl who sold wine / Xu Huaizhong -- An ordinary labourer / Wang Yuanjian -- My first superior / Ma Feng -- Dajee and her father / Gao Ying -- The vegetable seeds / Hao Ran -- Long distance runner / Malqinhu -- Barley kernel gruel / Li Zhun. |
| ISBN 083511077X (pbk.). |
| ● |
| 相关链接 |
|
|
|
|
正题名:Chinese stories from the fifties
索取号:H319.4/x218
 
预约/预借
| 序号 | 登录号 | 条形码 | 馆藏地/架位号 | 状态 | 备注 |
| 1 | 117777 | 001432578 | 密集书库/ [索取号:H319.4/x218] | 在馆 | |
| 2 | 117778 | 001432658 | 第四借阅区/ [索取号:H319.4/x218] | 在馆 | |
| 3 | 117779 | 001432694 | 第四借阅区/ [索取号:H319.4/x218] | 在馆 | |
| 4 | 117780 | 001432685 | 密集书库/ [索取号:H319.4/x218] | 在馆 | |
| 5 | 117781 | 001432710 | 密集书库/ [索取号:H319.4/x218] | 在馆 | |
| 6 | 117782 | 001432738 | 密集书库/ [索取号:H319.4/x218] | 在馆 | |
| 7 | 117783 | 001432621 | 密集书库/ [索取号:H319.4/x218] | 在馆 | |
| 8 | 117784 | 001432550 | 第四借阅区/ [索取号:H319.4/x218] | 在馆 | |
| 9 | 117785 | 001432596 | 密集书库/ [索取号:H319.4/x218] | 在馆 | |
| 10 | 117786 | 001432649 | 密集书库/ [索取号:H319.4/x218] | 在馆 | |
| 11 | 117787 | 001432667 | 第四借阅区/ [索取号:H319.4/x218] | 在馆 | |
| 12 | 117788 | 001432729 | 密集书库/ [索取号:H319.4/x218] | 在馆 | |
| 13 | 117789 | 001432701 | 密集书库/ [索取号:H319.4/x218] | 在馆 | |
| 14 | 117790 | 001432612 | 密集书库/ [索取号:H319.4/x218] | 在馆 | |
| 15 | 117791 | 001432541 | 密集书库/ [索取号:H319.4/x218] | 在馆 | |
| 16 | 117792 | 001432676 | 密集书库/ [索取号:H319.4/x218] | 在馆 | |
| 17 | 117793 | 001432774 | 第四借阅区/ [索取号:H319.4/x218] | 在馆 | |
| 18 | 117794 | 001432630 | 密集书库/ [索取号:H319.4/x218] | 在馆 | |
| 19 | 117795 | 001432569 | 密集书库/ [索取号:H319.4/x218] | 在馆 | |
| 20 | 117796 | 001432523 | 第二样本阅览室/ [索取号:H319.4/x218] | 在馆 | |
| 21 | 180347 | 001432603 | 密集书库/ [索取号:H319.4/x218] | 在馆 | |
| 22 | 180348 | 001432587 | 密集书库/ [索取号:H319.4/x218] | 在馆 | |
| 23 | 180349 | 001432532 | 密集书库/ [索取号:H319.4/x218] | 在馆 |